| 000 | 00406nam a2200169Ia 4500 | ||
|---|---|---|---|
| 008 | 230917s9999||||xx |||||||||||||| ||und|| | ||
| 020 | _cDM141 | ||
| 040 |
_e18255 _aMAIN |
||
| 041 | _aEnglish | ||
| 082 | _a531 T768N | ||
| 100 | _aTruesdell, C | ||
| 245 | 0 | _aNon-linear field theories of mechanics | |
| 250 | _a2nd ed. | ||
| 260 |
_aBerlin _bSpringer-Verlag _c1992 |
||
| 300 | _ax,591 p. | ||
| 942 | _cBK | ||
| 999 |
_c78806 _d78806 |
||